Regional: Berkshire (Record no. 104605)

MARC details
000 -LEADER
fixed length control field 00738cab a2200169 4500
001 - CONTROL NUMBER
control field L130957
008 - FIXED-LENGTH DATA ELEMENTS--GENERAL INFORMATION
fixed length control field 050727n2005 000 0 eng u
035 ## - SYSTEM CONTROL NUMBER
System control number (Sirsi) u130957
041 0# - LANGUAGE CODE
Language code of text/sound track or separate title eng
245 00 - TITLE STATEMENT
Title Regional: Berkshire
260 ## - PUBLICATION, DISTRIBUTION, ETC.
Date of publication, distribution, etc. 2005
490 #0 - SERIES STATEMENT
Series statement Property Week
Volume/sequential designation 70(36) 9 September 2005, 101-125(12)
520 ## - SUMMARY, ETC.
Summary, etc. Provides news on the market in the area; mixed use development in Reading; Slough Trading Estate; Reading office market including availability for both in town and out of town locations for August 2005; Thames Valley offices including the M4 corridor; retail in Newbury; and the residential market in Reading.
590 ## - LOCAL NOTE (RLIN)
Local note IKA270905
690 ## - LOCAL SUBJECT ADDED ENTRY--TOPICAL TERM (OCLC, RLIN)
Topical term or geographic name as entry element PROPERTY-COMMERCIAL PROPERTY-RETAIL PROPERTY
942 ## - ADDED ENTRY ELEMENTS (KOHA)
Suppress in OPAC 0
Holdings
Withdrawn status Lost status Source of classification or shelving scheme Damaged status Not for loan Home library Current library Shelving location Date acquired Total Checkouts Full call number Barcode Date last seen Copy number Price effective from Koha item type
    Dewey Decimal Classification     London London Journal article 20/09/2005   L130957 130957-1001 06/08/2019 1 06/08/2019 Journal article